00378nam a2200133Ia 4500008004100000020001800041041001200059082001700071100002000088245007900108250001600187260002900203300001200232231221s9999 xx 000 0 und d a9790000000000 aEnglish a651.4 VAR;1 aVarinder Kumar. 0aBusiness communication : BBM 3rd semester students of bangalore university a2nd Rev ed c2007bKalyaniaLudhiyana a9.18, 2